Project Zomboid - Character traits - Statistics

General Stats
  • This quiz has been taken 81 times
  • The average score is 18 of 76
Answer Stats
Type Points Name % Correct
Positive -10 Strong
72%
Negative 1 Sunday driver
71%
Negative 4 Smoker
60%
Positive -1 Speed Demon
59%
Negative 6 Underweight
59%
Negative 10 Obese
57%
Negative 12 Deaf
52%
Positive -2 Fast Reader
48%
Negative 10 Weak
48%
Negative 6 Overweight
47%
Negative 2 Slow Reader
47%
Positive -6 Fit
41%
Negative 2 Short Sighted
38%
Positive -4 Brave
36%
Positive -2 Outdoorsman
34%
Positive -6 Fast Learner
33%
Positive -2 Cat's Eyes
29%
Negative 8 Illiterate
29%
Positive -6 Organized
29%
Positive -6 Stout
29%
Positive -8 Thick Skinned
29%
Negative 8 Thin-skinned
29%
Negative 4 Claustrophobic
28%
Positive -10 Athletic
26%
Negative 2 Clumsy
26%
Negative 4 Hard of Hearing
26%
Negative 6 High Thirst
26%
Hobby -8 Hunter
26%
Negative 4 Conspicuous
24%
Positive -4 Lucky
24%
Negative 4 Prone to Illness
24%
Negative 6 Slow Learner
24%
Hobby -4 Baseball Player
22%
Hobby -8 Handy
22%
Hobby -4 Nutritionist
22%
Negative 4 Unlucky
22%
Positive -4 Inconspicuous
21%
Positive -6 Low Thirst
21%
Negative 6 Slow Healer
21%
Negative 3 Weak Stomach
21%
Negative 4 Disorganized
19%
Positive -6 Eagle Eyed
19%
Positive -4 Graceful
19%
Hobby -6 Cook
17%
Positive -2 Dextrous
17%
Positive -6 Fast Healer
17%
Hobby -4 Runner
17%
Negative 10 Unfit
17%
Hobby -5 Amateur Mechanic
16%
Negative 2 Cowardly
16%
Negative 4 Hearty Appetite
16%
Negative 4 Agoraphobic
14%
Negative 2 All Thumbs
14%
Hobby -6 Brawler
14%
Hobby -6 Herbalist
14%
Positive -6 Keen Hearing
14%
Negative 10 Very Underweight
14%
Positive -8 Adrenaline Junkie
12%
Hobby -4 First Aider
12%
Hobby -6 Former Scout
12%
Negative 4 Pacifist
12%
Hobby -4 Angler
10%
Hobby -4 Gardener
10%
Positive -3 Iron Gut
10%
Negative 6 Out of Shape
10%
Positive -2 Wakeful
10%
Negative 5 Asthmatic
9%
Hobby -5 Gymnast
9%
Negative 5 Fear of Blood
7%
Negative 6 Feeble
7%
Hobby -6 Hiker
7%
Positive -4 Light Eater
7%
Positive -4 Resilient
7%
Negative 6 Restless Sleeper
7%
Hobby -4 Sewer
7%
Negative 4 Sleepyhead
3%
No matching quizzes found
Score Distribution
Percent of People with Each Score
Percentile by Number Answered
Your Score History
You have not taken this quiz